Visualizzazione normale
Vista MARC
- Bruckner Joseph Anton
di Personal Name
Records bibliografici associati: 1
001 - CONTROL NUMBER
- control field: 38044
003 - CONTROL NUMBER IDENTIFIER
- control field: IT-RoPau
005 - DATE AND TIME OF LATEST TRANSACTION
- control field: 20151125210935.0
008 - FIXED-LENGTH DATA ELEMENTS
- fixed length control field: 151125|| aca||aabn | a|a d
040 ## - CATALOGING SOURCE
- Original cataloging agency: IT-RoPau
- Transcribing agency: IT-RoPau
100 ## - HEADING--PERSONAL NAME
- Personal name: Bruckner Joseph Anton
- Relator term: (musica)
- Miscellaneous information: Codice Musica SPICS: 10727
670 ## - SOURCE DATA FOUND
- Source citation: Work cat.: (IT-RoPau)104856: Visconti Luchino Codice regista SPICS: 626 38042, SENSO SENSO (Rif. Codice opera principale : 21626)